Profile: Creed Bratton Quiz Stats

 Plays Quiz Updated Feb 16, 2012

Challenge
Share
Tweet
Embed
Score 0/20 Timer 05:00
0 Plays Today
% Correct
Who does he try to set up with his daughter?Jim
70.3%
Who claims that Creed has a 'distinct old man smell?'Ryan
67.6%
Name one of his halloween costumes.Vampire, The Joker
65.7%
What vegetable did the employees switch Creed's apple with?Potato
57.1%
What is the only difference between Creed and a homeless man?His job
53.8%
Who was the last person to steal from Creed Bratton?Creed Bratton
50.7%
What is his job title?Quality Assurance
41.4%
What is the name of the person he convinces Michael to fire on Halloween?Devon
39.8%
He thinks that Cornell is really pronounced like ______colonel
38%
What does he win for having the most poker chips at the end of the casino night?Refrigerator
38%
% Correct
What does he love to do?Steal things
35.7%
What does he use to dye his hair?Toner
32.4%
What does Oscar get Creed for Christmas?Irish shamrock keychain
30.7%
What kind of cake did Creed want for his birthday?Peach cobbler
29.4%
What drink does he suggest to get for the vending machine?Red Bull
26.6%
Creed complained that the men's room is ________whites only
23.6%
'When Pam gets Michael's new chair, I get Pam's old chair. Then I'll have two chairs.________________________'Only one to go
23.3%
'If that's flashing then ____________________'lock me up
21.5%
He also gets this woman fired.Debbie Brown
16.3%
Who does he transfer his debt to?William Charles Schneider
9.6%

You're not logged in!

Compare scores with friends on all Sporcle quizzes.
Join for Free
OR
Log In

You Might Also Like...

Show Comments

Extras

Top Quizzes Today


Score Distribution

Your Account Isn't Verified!

In order to create a playlist on Sporcle, you need to verify the email address you used during registration. Go to your Sporcle Settings to finish the process.

Report this User

Report this user for behavior that violates our Community Guidelines.

Details: